000 00391nam a2200145Ia 4500
008 100204s9999 xx 000 0 und d
082 _b13604
100 _aवाड छाया
245 _aउ:शाप
260 _b"उदयदीप प्रकाशन , मुंबई"
_c1984
300 _a180
630 _aउ:शाप
730 _aउ:शाप
942 _cBOOK
999 _c458036
_d458033